00488cam a22001577a 4500008004000000020001500040082001400055100001900069245007200088260003200160300001000192650002300202650001600225650005200241650003700293180718b2007 xxu||||| |||| 00| 0 eng d a0749450916 aT39 Sca79 aScase, Richard aGlobal remix: the fight for competitive advantagecby Richard Scase aNew DelhibKogan Pagec2007 a180p. aStrategic planning aConsumption aInternational business enterprises - management aGlobalization - Economic aspects